| 000 | 00727nam a2200217 a 4500 | ||
|---|---|---|---|
| 005 | 20140412111354.0 | ||
| 008 | 051104s19uu xx 00 eng d | ||
| 020 | _a0-02-830904-9 | ||
| 050 |
_aTR(GS 372.4 _bB35 L.1-B |
||
| 100 | _aAdams, Marilyn Jager | ||
| 245 |
_aSRA Open Court Reading (orange), L.1-B.B / _cMarilyn Jager Adams, et al. |
||
| 250 | _aTeacher's Edition | ||
| 260 |
_aColumbus, Ohio : _bSRA McGraw-Hill Comp, _c2000. |
||
| 300 | _axii p. ; T409 p. | ||
| 440 | _aSRA open court reading, Orange | ||
| 500 | _aContents: Our neighborhood at work--Machines in our garden. | ||
| 650 |
_aReading _xStudy and teaching |
||
| 650 |
_aEnglish language _xStudy and teaching |
||
| 999 |
_c105380 _d105380 |
||